<?xml version="1.0" encoding="UTF-8"?>
<record
    xmlns:xsi="http://www.w3.org/2001/XMLSchema-instance"
    xsi:schemaLocation="http://www.loc.gov/MARC21/slim http://www.loc.gov/standards/marcxml/schema/MARC21slim.xsd"
    xmlns="http://www.loc.gov/MARC21/slim">

  <leader>03365nam a2200577Ia 4500</leader>
  <controlfield tag="001">4142</controlfield>
  <controlfield tag="008">241029s9999    xx            000 0 und d</controlfield>
  <datafield tag="010" ind1=" " ind2=" ">
    <subfield code="a">3892</subfield>
  </datafield>
  <datafield tag="041" ind1=" " ind2=" ">
    <subfield code="a">Espa&#xF1;ol</subfield>
  </datafield>
  <datafield tag="082" ind1=" " ind2=" ">
    <subfield code="a"> UCSD MGP 0042 2014 </subfield>
  </datafield>
  <datafield tag="245" ind1=" " ind2="0">
    <subfield code="a">Liderazgo Directivo de la Escuela B&#xE1;sica la Javilla del Distrito 10-01 de Villa Mella, Santo Domingo Norte, A&#xF1;o Escolar 2013-2014.</subfield>
  </datafield>
  <datafield tag="260" ind1=" " ind2=" ">
    <subfield code="a">Santo Domingo</subfield>
  </datafield>
  <datafield tag="300" ind1=" " ind2=" ">
    <subfield code="a">56</subfield>
  </datafield>
  <datafield tag="520" ind1=" " ind2=" ">
    <subfield code="a">29</subfield>
  </datafield>
  <datafield tag="630" ind1=" " ind2=" ">
    <subfield code="a">Desempe&#xF1;o Profesional</subfield>
  </datafield>
  <datafield tag="630" ind1=" " ind2=" ">
    <subfield code="a">Directores de Escuelas</subfield>
  </datafield>
  <datafield tag="630" ind1=" " ind2=" ">
    <subfield code="a">Docentes</subfield>
  </datafield>
  <datafield tag="630" ind1=" " ind2=" ">
    <subfield code="a">Gesti&#xF3;n</subfield>
  </datafield>
  <datafield tag="630" ind1=" " ind2=" ">
    <subfield code="a">Liderazgo</subfield>
  </datafield>
  <datafield tag="650" ind1=" " ind2=" ">
    <subfield code="a">Liderazgo</subfield>
  </datafield>
  <datafield tag="690" ind1=" " ind2=" ">
    <subfield code="a">Elaborado</subfield>
  </datafield>
  <datafield tag="700" ind1=" " ind2=" ">
    <subfield code="e">asesor</subfield>
    <subfield code="a">Cruz Pascual, Francisco </subfield>
  </datafield>
  <datafield tag="700" ind1=" " ind2=" ">
    <subfield code="e">autor</subfield>
    <subfield code="a">Severino Rodr&#xED;guez , Altagracia</subfield>
  </datafield>
  <datafield tag="700" ind1=" " ind2=" ">
    <subfield code="e">autor</subfield>
    <subfield code="a">Gonz&#xE1;lez Lugo , Marianet B.</subfield>
  </datafield>
  <datafield tag="901" ind1=" " ind2=" ">
    <subfield code="a">{"1":"Severino Rodr&#xED;guez ","2":"Gonz&#xE1;lez Lugo "}</subfield>
    <subfield code="b">{"1":"Altagracia","2":"Marianet B."}</subfield>
  </datafield>
  <datafield tag="902" ind1=" " ind2=" ">
    <subfield code="a">1</subfield>
  </datafield>
  <datafield tag="903" ind1=" " ind2=" ">
    <subfield code="a">{"1":"Cruz Pascual"}</subfield>
    <subfield code="b">{"1":"Francisco "}</subfield>
  </datafield>
  <datafield tag="904" ind1=" " ind2=" ">
    <subfield code="a">Maestr&#xED;a en</subfield>
  </datafield>
  <datafield tag="905" ind1=" " ind2=" ">
    <subfield code="a">Planificaci&#xF3;n y Gesti&#xF3;n de Centros Educativos</subfield>
  </datafield>
  <datafield tag="906" ind1=" " ind2=" ">
    <subfield code="a">2</subfield>
  </datafield>
  <datafield tag="907" ind1=" " ind2=" ">
    <subfield code="a">NO APLICA</subfield>
  </datafield>
  <datafield tag="908" ind1=" " ind2=" ">
    <subfield code="a">NO APLICA</subfield>
  </datafield>
  <datafield tag="909" ind1=" " ind2=" ">
    <subfield code="a">Universidad Cat&#xF3;lica de Santo Domingo (UCSD)</subfield>
  </datafield>
  <datafield tag="910" ind1=" " ind2=" ">
    <subfield code="a">NULL</subfield>
    <subfield code="b">NULL</subfield>
  </datafield>
  <datafield tag="911" ind1=" " ind2=" ">
    <subfield code="a">["1"]</subfield>
  </datafield>
  <datafield tag="912" ind1=" " ind2=" ">
    <subfield code="a">NO APLICA</subfield>
  </datafield>
  <datafield tag="913" ind1=" " ind2=" ">
    <subfield code="a">NULL</subfield>
  </datafield>
  <datafield tag="914" ind1=" " ind2=" ">
    <subfield code="a">01 de Enero de 2014</subfield>
  </datafield>
  <datafield tag="915" ind1=" " ind2=" ">
    <subfield code="a">03/05/15 11:05</subfield>
  </datafield>
  <datafield tag="916" ind1=" " ind2=" ">
    <subfield code="a">NULL</subfield>
  </datafield>
  <datafield tag="917" ind1=" " ind2=" ">
    <subfield code="a">NULL</subfield>
  </datafield>
  <datafield tag="918" ind1=" " ind2=" ">
    <subfield code="a">NO APLICA</subfield>
  </datafield>
  <datafield tag="919" ind1=" " ind2=" ">
    <subfield code="a">["63","66","70","111","131"]</subfield>
  </datafield>
  <datafield tag="520" ind1=" " ind2=" ">
    <subfield code="a">El objetivo general de esta investigaci&#xF3;n consisti&#xF3; en analizar el liderazgo directivo, de la Escuela B&#xE1;sica la Javilla del Distrito 10-01 de Villa Mella, Santo Domingo Norte,&#xA0; A&#xF1;o Escolar 2013-2014.&#xA0; Para el logro de este objetivo principal, la investigaci&#xF3;n se propuso determinar las capacidades de liderazgo que tiene el director para desempe&#xF1;ar su cargo, e investigar si la direcci&#xF3;n recompensa o motiva al personal que dirige.&#xA0; El dise&#xF1;o de la investigaci&#xF3;n fue no experimental, de tipo descriptivo. La poblaci&#xF3;n estuvo compuesta por veintis&#xE9;is (26) personas, en la que se encuentra el director, la sub-directora, dos (2) psic&#xF3;logas, la secretaria, catorce (14) docentes, cinco (5) conserjes y dos (2) porteros. Los m&#xE9;todos utilizados fueron: el m&#xE9;todo anal&#xED;tico, l&#xF3;gico-inductivo y s&#xED;ntesis.&#xA0; Como t&#xE9;cnicas: la observaci&#xF3;n, encuestas y entrevistas.&#xA0;El estudio concluy&#xF3;&#xA0; que la Escuela se encuentra en situaci&#xF3;n ca&#xF3;tica, donde las cosas no est&#xE1;n funcionando correctamente y que las capacidades de liderazgo son incompetentes para resolver las problem&#xE1;ticas existentes. La comunicaci&#xF3;n tiene que mejorar, ya que las informaciones no llegan a todo el personal con claridad y en&#xA0; tiempo oportuno. Se evidenci&#xF3; que la direcci&#xF3;n no ha estado recompensando, ni reconociendo el desempe&#xF1;o.&#xA0; Existe un control d&#xE9;bil del orden, higiene, disciplina y recursos.&#xA0;La investigaci&#xF3;n recomienda, que la direcci&#xF3;n se especialice en el &#xE1;rea para poder ofrecer una labor de calidad. Tambi&#xE9;n se debe dar m&#xE1;s participaci&#xF3;n en las tomas de decisiones, hacer cumplir y dar a conocer la ley 66-97. Se recomienda tambi&#xE9;n, concienciar al personal para cumplir con sus deberes y trazar metas compartidas a corto, mediano y largo plazo.&#xA0;</subfield>
  </datafield>
  <datafield tag="921" ind1=" " ind2=" ">
    <subfield code="a">12</subfield>
  </datafield>
  <datafield tag="922" ind1=" " ind2=" ">
    <subfield code="a">12</subfield>
  </datafield>
  <datafield tag="923" ind1=" " ind2=" ">
    <subfield code="a">0</subfield>
  </datafield>
  <datafield tag="924" ind1=" " ind2=" ">
    <subfield code="a">NO APLICA</subfield>
  </datafield>
  <datafield tag="942" ind1=" " ind2=" ">
    <subfield code="c">Tesis</subfield>
  </datafield>
  <datafield tag="999" ind1=" " ind2=" ">
    <subfield code="c">3892</subfield>
    <subfield code="d">3892</subfield>
  </datafield>
</record>
